Paris: mon amour (Record no. 12350)

000 -LEADER
fixed length control field 00853nmm a2200277 a 4500
001 - CONTROL NUMBER
control field ocm0001162258
003 - CONTROL NUMBER IDENTIFIER
control field TR-IsHL
005 - DATE AND TIME OF LATEST TRANSACTION
control field 20201028154018.0
008 - FIXED-LENGTH DATA ELEMENTS--GENERAL INFORMATION
fixed length control field 150709s2014 tu tur
007 - PHYSICAL DESCRIPTION FIXED FIELD--GENERAL INFORMATION
fixed length control field cr cn
020 ## - INTERNATIONAL STANDARD BOOK NUMBER
International Standard Book Number 9789758915125
035 ## - SYSTEM CONTROL NUMBER
System control number 1162258
-- (N$T)
050 04 - LIBRARY OF CONGRESS CALL NUMBER
Classification number DC17
Item number .D46 2014
090 04 - LOCALLY ASSIGNED LC-TYPE CALL NUMBER (OCLC); LOCAL CALL NUMBER (RLIN)
Classification number (OCLC) (R) ; Classification number, CALL (RLIN) (NR) DC17
Local cutter number (OCLC) ; Book number/undivided call number, CALL (RLIN) .D46 2014
100 1# - MAIN ENTRY--PERSONAL NAME
Personal name Demirdurak, Bülent
245 10 - TITLE STATEMENT
Title Paris: mon amour
Medium [electronic resource] /
Statement of responsibility, etc. Bülent Demirdurak
250 ## - EDITION STATEMENT
Edition statement 2.bs.
260 ## - PUBLICATION, DISTRIBUTION, ETC.
Place of publication, distribution, etc. İstanbul :
Name of publisher, distributor, etc. GiTa Yayınları,
Date of publication, distribution, etc. 2014
300 ## - PHYSICAL DESCRIPTION
Extent 161 p.
650 #4 - SUBJECT ADDED ENTRY--TOPICAL TERM
Topical term or geographic name entry element Tarih
650 #4 - SUBJECT ADDED ENTRY--TOPICAL TERM
Topical term or geographic name entry element History
650 #0 - SUBJECT ADDED ENTRY--TOPICAL TERM
Topical term or geographic name entry element Paris (Fransa)
General subdivision Gezi ve tanıtım
650 #0 - SUBJECT ADDED ENTRY--TOPICAL TERM
Topical term or geographic name entry element Paris (France) - Description and travel
650 #7 - SUBJECT ADDED ENTRY--TOPICAL TERM
Topical term or geographic name entry element HISTORY / Europe / France
Source of heading or term bisacsh
856 40 - ELECTRONIC LOCATION AND ACCESS
Uniform Resource Identifier <a href="http://search.ebscohost.com/login.aspx?direct=true&scope=site&db=e011xww&AN=1162258">http://search.ebscohost.com/login.aspx?direct=true&scope=site&db=e011xww&AN=1162258</a>
Holdings
Withdrawn status Lost status Source of classification or shelving scheme Damaged status Not for loan Collection code Permanent Location Current Location Date acquired Total Checkouts Full call number Barcode Date last seen Price effective from Koha item type
        Online   Kıbrıs Amerikan Üniversitesi Kütüphanesi / American University of Cyprus Kıbrıs Amerikan Üniversitesi Kütüphanesi / American University of Cyprus 28.10.2020   DC17 .D46 2014 1162258 28.10.2020 28.10.2020 E-Kitap
Devinim Yazılım Eğitim Danışmanlık tarafından Koha'nın orjinal sürümü uyarlanarak geliştirilip kurulmuştur.